[Event "Stockholm Elo Challenge 2019"]
[Site "Stockholm"]
[Date "2019.05.29"]
[Round "1.1"]
[White "Karlsson, Lars"]
[Black "Silins, Peter"]
[Result "1-0"]
[WhiteElo "2448"]
[BlackElo "1745"]
[Annotator "TA"]
[PlyCount "65"]
[EventDate "2019.05.29"]
[EventType "swiss"]
[EventCountry "SWE"]
[SourceTitle "playchess.com"]
[Source "ChessBase"]
[SourceQuality "1"]

{[%evp 9,72,47,43,35,45,18,21,12,32,29,59,49,190,130,191,170,176,172,164,154,297,177,165,43,56,0,25,14,14,0,136,87,92,31,36,21,21,0,0,-16,53,0,0,0,148,146,202,164,338,308,2233,2231,2236,2100,29982,29983,29983,29984,29984,29985,29985,29986,29986,29987,29992]} 1. b3 e5 2. Bb2 Qe7 (2... Nc6 3. e3 Nf6 4. Bb5 e4 5. Bxc6 dxc6 6. f3 Bd6 7. Nc3 Qe7 8. fxe4 Nxe4 9. Nf3 Nxc3 10. Bxc3 O-O 11. O-O Bg4 12. Qe2 {0-1 (55) Karjakin,S (2753)-Vidit,S (2702) Kolkata 2018}) 3. c4 Nc6 $146 ({Predecessor:} 3... Nf6 4. g3 d6 5. Bg2 g6 6. Nc3 Bg7 7. e3 O-O 8. Nge2 c6 9. O-O Re8 10. b4 {1-0 (56) Ibragimov,I (2576)-Chiong Zacarias,R (2368) ICC INT 2002}) 4. Nc3 Nf6 5. Nd5 Qd8 6. g3 {A01: Nimzowitsch-Larsen Opening} a5 7. a3 Bc5 8. e3 {The position is equal.} O-O 9. Bg2 Re8 10. Ne2 b6 (10... d6 $14) 11. O-O (11. f4 $18) 11... Bb7 (11... Nxd5 $16 {keeps fighting.} 12. Bxd5 (12. cxd5 Nb8 $16) 12... Rb8) 12. Nxf6+ Qxf6 13. f4 Qh6 14. fxe5 Nxe5 (14... Nd8 $16 {was called for.} 15. Bxb7 Nxb7) 15. Bxe5 (15. Bxb7 $142 Ng4 16. h4 Bxe3+ 17. Kh1 Nf2+ 18. Rxf2 Bxf2 19. Bxa8 Rxa8 20. Kg2) 15... Bxg2 $18 16. Kxg2 (16. Bxg7 $1 $18 Qxg7 17. Kxg2) 16... Rxe5 $14 17. Nf4 (17. d4 $14 Rh5 18. h4 Qc6+ 19. Rf3) 17... Bf8 18. Qf3 Rc8 19. b4 f6 (19... Ree8 $11 {keeps the balance.}) 20. d4 Ree8 21. c5 (21. bxa5 $16 bxa5 22. Qd5+ {[%mdl 64] Double Attack} Kh8 23. Qxd7) 21... bxc5 22. bxc5 {Threatens to win with Qd5+.} c6 23. Rac1 f5 24. Rb1 Rb8 (24... d6 $11) 25. Rb6 ({Better is} 25. Rxb8 $14 Rxb8 26. Nd3) 25... Rxb6 $11 26. cxb6 Bxa3 (26... Rb8 $11 {remains equal.}) 27. e4 $1 $36 {[%mdl 2048] Keeping Black busy.} Bd6 (27... Bf8 $16) 28. e5 ({Weaker is} 28. exf5 Bxf4 29. Qb3+ (29. Qxf4 Qxf4 30. Rxf4 Rb8 $17) (29. gxf4 Qf6 $15) 29... d5 $11) 28... Bb4 $2 {[#]} (28... g5) 29. Qb3+ $18 d5 $2 (29... Kf8 30. Qd3 g6) 30. exd6+ Kh8 31. d7 Rd8 32. Qf7 {White mates.} Qd6 33. b7 {Played: Qf7-e8} 1-0

[Event "Stockholm Elo Challenge 2019"]
[Site "Stockholm"]
[Date "2019.05.29"]
[Round "1.3"]
[White "Willinger, Tim"]
[Black "Bergstrom, Goran"]
[Result "1-0"]
[WhiteElo "2073"]
[BlackElo "1675"]
[Annotator "NA"]
[PlyCount "45"]
[EventDate "2019.05.29"]
[EventType "swiss"]
[EventCountry "SWE"]
[SourceTitle "playchess.com"]
[Source "ChessBase"]
[SourceQuality "1"]
[TimeControl "40/5400+30:1800+30"]

1. d4 {[%emt 0:00:00]} d5 {[%emt 0:00:00]} 2. c4 {[%emt 0:00:00]} c6 {[%emt 0:00:11]} 3. Nc3 {[%emt 0:00:19]} e6 {[%emt 0:01:13]} 4. Nf3 {[%emt 0:00:06]} Nf6 {[%emt 0:00:10]} 5. g3 {[%emt 0:00:11]} Be7 $11 {[%emt 0:00:35]} 6. Bg2 {[%emt 0:00:19]} O-O {[%emt 0:00:34]} 7. O-O {[%emt 0:00:05]} Nbd7 {[%emt 0:00:14]} 8. b3 {[%emt 0:01:55]} b6 {[%emt 0:00:48]} 9. Bb2 {[%emt 0:00:34]} Bb7 {[%emt 0:00:46]} 10. Rc1 {[%emt 0:03:38]} dxc4 {[%emt 0:04:54]} 11. bxc4 {[%emt 0:02:42]} c5 {[%emt 0:02:30]} 12. d5 {[%emt 0:01:19]} exd5 {[%emt 0:01:20]} 13. cxd5 {[%emt 0:00:16]} Bd6 {[%emt 0:00:53]} 14. e4 {[%emt 0:02:51]} Re8 {[%emt 0:02:00]} 15. Re1 {[%emt 0:01:30]} Ne5 {[%emt 0:00:58]} 16. Nh4 {[%emt 0:04:32]} Ba6 {[%emt 0:04:20]} 17. f4 {[%emt 0:06:45]} Nd3 {[%emt 0:00:08]} 18. Qd2 {[%emt 0:01:05]} Nxc1 {[%emt 0:02:51]} 19. Qxc1 {[%emt 0:00:45]} g6 {[%emt 0:06:52]} 20. e5 {[%emt 0:03:12]} Qe7 {[%emt 0:01:46]} 21. Ne4 {[%emt 0:10:12]} Nxe4 {[%emt 0:01:00]} 22. Rxe4 {[%emt 0:03:10]} Bd3 {[%emt 0:07:44]} 23. Qc3 {[%emt 0:01:00]} 1-0

[Event "Stockholm Elo Challenge 2019"]
[Site "Stockholm"]
[Date "2019.05.29"]
[Round "1.4"]
[White "Glad, Bjorn"]
[Black "Pettersson, Alexander"]
[Result "0-1"]
[WhiteElo "1665"]
[BlackElo "2045"]
[Annotator "NA RC"]
[PlyCount "72"]
[EventDate "2019.05.29"]
[EventType "swiss"]
[EventCountry "SWE"]
[SourceTitle "playchess.com"]
[Source "ChessBase"]
[SourceQuality "1"]
[TimeControl "40/5400+30:1800+30"]

1. e4 {[%emt 0:00:00]} c6 {[%emt 0:00:00]} 2. d4 {[%emt 0:00:00]} d5 {[%emt 0:00:00]} 3. Nc3 {[%emt 0:00:01]} dxe4 {[%emt 0:00:00]} 4. Nxe4 {[%emt 0:00:08]} Nd7 {[%emt 0:00:00]} 5. Bc4 {[%emt 0:05:55]} Ngf6 {[%emt 0:00:57]} 6. Ng3 {[%emt 0:05:08]} e6 {[%emt 0:02:23]} 7. Nf3 {[%emt 0:04:34]} Bd6 {[%emt 0:05:05]} 8. Qe2 {[%emt 0:02:27] B17: Caro-Kann: Modern Line (4...Nd7)} O-O {[%emt 0:01:49]} 9. Bg5 {[%emt 0:14:22]} (9. O-O Qc7 10. Re1 b6 11. Ne4 Nxe4 12. Qxe4 Bb7 13. Bd3 g6 14. Qh4 c5 15. Ng5 Nf6 16. dxc5 Qxc5 {½-½ (32) Murx (2538)-Nods (2425) playchess.com INT 2008}) 9... b5 $146 {[%emt 0:03:59]} ({Predecessor:} 9... h6 10. h4 Qa5+ 11. c3 Re8 12. O-O-O b5 13. Bb3 b4 14. c4 hxg5 15. hxg5 Bf4+ {0-1 (26) Bennewitz,B (2075)-Efremov,A ICCF email 2007}) 10. Bd3 {[%emt 0:01:13]} Qc7 {[%emt 0:02:22]} 11. Ne4 {[%emt 0:02:07]} Bb4+ {[%emt 0:03:31]} 12. c3 {[%emt 0:01:29]} Be7 {[%emt 0:00:02]} 13. Nxf6+ {[%emt 0:19:56]} Nxf6 {[%emt 0:03:20]} 14. Bxf6 {[%emt 0:00:39]} Bxf6 {[%emt 0:01:28]} 15. Qe4 {[%emt 0:00:18]} g6 {[%emt 0:00:20]} 16. Bxb5 {[%emt 0:00:20]} Bb7 {[%emt 0:00:59]} 17. Be2 {[%emt 0:03:57]} c5 {[%emt 0:03:39]} 18. Qe3 {[%emt 0:01:56]} cxd4 {[%emt 0:08:38]} 19. cxd4 {[%emt 0:03:14]} Bxf3 {[%emt 0:03:23]} 20. Bxf3 {[%emt 0:02:58]} Rab8 {[%emt 0:01:59]} 21. O-O {[%emt 0:07:35]} Rfd8 {[%emt 0:05:08]} 22. Rac1 {[%emt 0:02:13]} (22. Rad1 $11) 22... Qa5 {[%emt 0:10:43]} 23. Rfd1 {[%emt 0:06:45]} Rxb2 {[%emt 0:04:16]} 24. Qf4 {[%emt 0:02:49]} Bg5 {[%emt 0:05:05]} 25. Qc7 {[%emt 0:04:48]} Qxc7 {[%emt 0:02:27]} ({But not} 25... Qxa2 $6 26. Ra1 $11) 26. Rxc7 {[%emt 0:00:06]} Rxa2 {[%emt 0:00:28]} 27. d5 {[%emt 0:00:10]} exd5 {[%emt 0:01:23]} 28. Rc5 {[%emt 0:01:45]} Be7 {[%emt 0:02:50]} 29. Rcxd5 {[%emt 0:01:22]} Rxd5 {[%emt 0:01:36]} 30. Bxd5 $17 {[%emt 0:02:03]} Rb2 {[%emt 0:01:36]} 31. f3 {[%emt 0:02:11]} Bc5+ {[%emt 0:01:39]} 32. Kh1 {[%emt 0:00:46]} a5 {[%emt 0:00:53]} 33. Ra1 {[%emt 0:01:46]} a4 {[%emt 0:00:51]} 34. g4 {[%emt 0:00:22]} a3 {[%emt 0:00:43]} 35. Rc1 {[%emt 0:01:19]} Bd6 {[%emt 0:00:47]} 36. h3 {[%emt 0:00:35]} a2 {[%emt 0:01:35]} 0-1

[Event "Stockholm Elo Challenge 2019"]
[Site "Stockholm"]
[Date "2019.05.29"]
[Round "1.5"]
[White "Sjostrand, Joel"]
[Black "Skahlberg Bjerknes-Lima de Far, Warg"]
[Result "1-0"]
[WhiteElo "1977"]
[BlackElo "1651"]
[Annotator "NA"]
[PlyCount "53"]
[EventDate "2019.05.29"]
[EventType "swiss"]
[EventCountry "SWE"]
[SourceTitle "playchess.com"]
[Source "ChessBase"]
[SourceQuality "1"]
[TimeControl "40/5400+30:1800+30"]

{[%evp 32,53,44,61,73,61,71,20,48,32767,32767,8,39,39,434,30,464,446,438,402,5373,2710,2228,29972]} 1. c4 {[%emt 0:00:00]} c5 {[%emt 0:01:00]} 2. g3 {[%emt 0:00:00]} Nc6 {[%emt 0:01:32]} 3. Nc3 {[%emt 0:00:01]} g6 {[%emt 0:01:40]} 4. Bg2 {[%emt 0:00:19]} Bg7 {[%emt 0:00:25]} 5. Nf3 {[%emt 0:00:06]} Nf6 {[%emt 0:02:54]} 6. d4 {[%emt 0:00:07]} cxd4 {[%emt 0:01:45]} 7. Nxd4 {[%emt 0:00:14]} O-O {[%emt 0:03:13]} 8. O-O {[%emt 0:02:19]} Qb6 {[%emt 0:11:52]} 9. Nxc6 {[%emt 0:09:18]} bxc6 {[%emt 0:01:20]} 10. Nb5 $146 {[%emt 0:08:41] A39: Symmetrical English vs ...g6: 4 Bg2 Bg7 5 Nf3 Nf6 6 0-0 0-0 7 d4} ({Predecessor:} 10. b3 d6 11. Bb2 Rb8 12. Qd2 Be6 13. Rac1 Rfc8 14. Na4 Qd8 15. c5 d5 16. Be5 Ne4 17. Qb2 Bxe5 18. Qxe5 {0-1 (66) Kourousis,E (2391)-Piorun,K (2566) Pardubice 2013}) 10... Bb7 {[%emt 0:05:37]} 11. Be3 {[%emt 0:00:32]} Qa5 {[%emt 0:09:28]} 12. b4 {[%emt 0:15:19]} Qxb4 {[%emt 0:06:51]} 13. Nc7 {[%emt 0:00:39]} Qxc4 {[%emt 0:24:21]} 14. Nxa8 {[%emt 0:00:44]} Rxa8 {[%emt 0:00:10]} 15. Qd2 {[%emt 0:02:11]} Ba6 {[%emt 0:09:04]} 16. Bf3 {[%emt 0:01:14]} Ne4 {[%emt 0:09:21]} (16... e5 $11) 17. Qxd7 {[%emt 0:02:04]} Bxa1 {[%emt 0:02:23]} 18. Rxa1 {[%emt 0:00:11]} Nc3 {[%emt 0:04:21]} 19. Bxc6 {[%emt 0:06:28]} Rb8 {[%emt 0:01:22]} 20. Bxa7 {[%emt 0:04:37]} Rc8 {[%emt 0:00:29]} 21. Bf3 {[%emt 0:00:45]} Nxe2+ {[%emt 0:00:24]} 22. Kg2 {[%emt 0:00:01]} Rc7 $2 {[%emt 0:00:49]} (22... Nc1 $11 23. h4 Qf1+ 24. Kh2 Qd3 25. Qxd3 Nxd3) 23. Qd8+ {[%emt 0:00:47]} Kg7 {[%emt 0:00:09]} 24. Bxe2 {[%emt 0:08:37]} Bb7+ {[%emt 0:00:44]} 25. Kf1 {[%emt 0:00:49]} Qc1+ {[%emt 0:00:43]} (25... Qc6 $142 26. f3 e5) 26. Rxc1 {[%emt 0:00:10]} Rxc1+ {[%emt 0:00:02]} 27. Bd1 1-0

[Event "Stockholm Elo Challenge 2019"]
[Site "Stockholm"]
[Date "2019.05.29"]
[Round "1.6"]
[White "Isaksson, Philip"]
[Black "Korning, Peter"]
[Result "1/2-1/2"]
[WhiteElo "1650"]
[BlackElo "1966"]
[Annotator "NA RC"]
[PlyCount "62"]
[EventDate "2019.05.29"]
[EventType "swiss"]
[EventCountry "SWE"]
[SourceTitle "playchess.com"]
[Source "ChessBase"]
[SourceQuality "1"]
[TimeControl "40/5400+30:1800+30"]

1. e4 e5 2. Nf3 Nc6 3. Bb5 Nf6 4. Nc3 Bc5 5. d3 d6 6. h3 {C48: Four Knights: 4 Bb5, replies other than 4...Bb4} h6 7. Be3 (7. O-O O-O 8. a3 Nd4 9. Nxd4 Bxd4 10. Ne2 Bb6 11. Bc4 c6 12. Ba2 d5 13. Ng3 Be6 14. Re1 Re8 15. Be3 dxe4 16. Bxe6 Rxe6 17. dxe4 Bxe3 18. Rxe3 {½-½ (18) Popov,I (2592)-Sargissian,G (2689) St Petersburg 2018}) 7... Bxe3 8. fxe3 Bd7 9. d4 Qe7 $146 ({Predecessor:} 9... a6 10. Bd3 exd4 11. exd4 O-O 12. O-O Ne7 13. Ne2 {1-0 (34) Hua,T (1784)-Tran Minh,H (2035) Ho Chi Minh City 2014}) 10. Qe2 a6 11. Bc4 b5 12. Nd5 Nxd5 13. Bxd5 Rb8 14. O-O O-O 15. Rad1 Nb4 16. Bb3 a5 17. c3 a4 18. Bc2 Nxc2 19. Qxc2 Rbe8 20. Rfe1 Bc6 21. d5 Bd7 22. Rf1 f5 23. exf5 Bxf5 24. e4 Bd7 25. Qe2 Rf4 26. Kh2 Ref8 27. Nd2 Qh4 28. Rxf4 Qxf4+ 29. Kh1 Qf2 30. Qxf2 Rxf2 $11 31. Kg1 Rf4 1/2-1/2

[Event "Stockholm Elo Challenge 2019"]
[Site "Stockholm"]
[Date "2019.05.30"]
[Round "2.1"]
[White "Molin, Nils"]
[Black "Karlsson, Lars"]
[Result "0-1"]
[WhiteElo "1816"]
[BlackElo "2448"]
[Annotator "ChessBase"]
[PlyCount "60"]
[EventDate "2019.05.29"]
[EventType "swiss"]
[EventCountry "SWE"]
[SourceTitle "playchess.com"]
[Source "ChessBase"]
[SourceQuality "1"]
[TimeControl "40/5400+30:1800+30"]

1. e4 {[%emt 0:00:59]} c5 {[%emt 0:10:10]} 2. Nf3 {[%emt 0:04:42]} Nc6 {[%emt 0:00:19]} 3. g3 {[%emt 0:02:00]} g6 {[%emt 0:03:51]} 4. Bg2 {[%emt 0:00:12]} Bg7 {[%emt 0:00:03]} 5. O-O {[%emt 0:00:30]} e5 {[%emt 0:00:07]} 6. d3 {[%emt 0:00:54]} Nge7 {[%emt 0:08:06]} 7. Bg5 {[%emt 0:00:48]} h6 {[%emt 0:00:57]} 8. Be3 {[%emt 0:00:08]} d6 {[%emt 0:00:05]} 9. Qd2 {[%emt 0:01:51]} f5 {[%emt 0:06:36]} 10. c3 {[%emt 0:05:41]} g5 {[%emt 0:02:09]} 11. exf5 {[%emt 0:00:26]} Bxf5 {[%emt 0:09:22]} 12. Na3 {[%emt 0:07:24]} Ng6 {[%emt 0:08:25]} 13. Rad1 {[%emt 0:03:12]} O-O {[%emt 0:00:56]} 14. d4 {[%emt 0:04:58]} cxd4 {[%emt 0:09:37]} 15. cxd4 {[%emt 0:00:55]} e4 {[%emt 0:00:48]} 16. Ne1 {[%emt 0:01:47]} d5 {[%emt 0:00:07]} 17. f3 {[%emt 0:01:27]} Qe7 {[%emt 0:00:09]} 18. Nac2 {[%emt 0:06:24]} a5 {[%emt 0:02:29]} 19. a3 {[%emt 0:04:05]} a4 {[%emt 0:06:18]} 20. fxe4 {[%emt 0:05:13]} Bxe4 {[%emt 0:04:52]} 21. Nd3 {[%emt 0:05:32]} Na5 {[%emt 0:01:36]} 22. Qb4 {[%emt 0:01:50]} Nc4 {[%emt 0:02:44]} 23. Rxf8+ {[%emt 0:08:16]} Rxf8 {[%emt 0:00:17]} 24. Qxe7 {[%emt 0:01:23]} Nxe7 {[%emt 0:00:02]} 25. Bxe4 {[%emt 0:01:53]} dxe4 {[%emt 0:00:02]} 26. Nc5 {[%emt 0:00:21]} Nd5 {[%emt 0:03:43]} 27. Bc1 {[%emt 0:02:12]} e3 {[%emt 0:00:36]} 28. Re1 {[%emt 0:04:44]} Nd2 {[%emt 0:00:48]} 29. Bxd2 {[%emt 0:01:48]} exd2 {[%emt 0:00:05]} 30. Rd1 {[%emt 0:00:10]} Bxd4+ {[%emt 0:01:19] Rf1} 0-1

[Event "Stockholm Elo Challenge 2019"]
[Site "Stockholm"]
[Date "2019.05.30"]
[Round "2.2"]
[White "Brolin, Viktor"]
[Black "Willinger, Tim"]
[Result "1-0"]
[WhiteElo "1797"]
[BlackElo "2073"]
[Annotator "NA"]
[PlyCount "110"]
[EventDate "2019.05.29"]
[EventType "swiss"]
[EventCountry "SWE"]
[SourceTitle "playchess.com"]
[Source "ChessBase"]
[SourceQuality "1"]
[TimeControl "40/5400+30:1800+30"]

1. e4 {[%emt 0:00:00]} c5 {[%emt 0:06:35]} 2. Nf3 {[%emt 0:00:41]} e6 {[%emt 0:00:05]} 3. d4 {[%emt 0:01:01]} cxd4 {[%emt 0:00:05]} 4. Nxd4 {[%emt 0:00:08]} Nf6 {[%emt 0:00:03]} 5. Nc3 {[%emt 0:00:29]} d6 {[%emt 0:00:04]} 6. g3 {[%emt 0:04:25]} Bd7 {[%emt 0:01:19]} 7. Bg2 {[%emt 0:00:49]} Nc6 {[%emt 0:00:18]} 8. O-O {[%emt 0:00:37]} Be7 {[%emt 0:00:26]} 9. Ndb5 {[%emt 0:02:12]} Qb8 {[%emt 0:01:34] B80: Sicilian Scheveningen: 6 g3 and 6 Be3, including English Attack} 10. Bf4 {[%emt 0:02:36]} Ne5 {[%emt 0:02:43]} 11. Qe2 {[%emt 0:07:59]} (11. Bg5 a6 12. Bxf6 gxf6 13. Nd4 h5 14. h4 b5 15. Nce2 Qb6 16. Nf4 Rc8 17. a3 a5 18. c3 b4 19. cxb4 axb4 {0-1 (36) Van den Doel,E (2568)-Van Wely,L (2658) playchess.com INT 2016}) 11... a6 {[%emt 0:01:13]} 12. Nd4 {[%emt 0:02:04]} O-O {[%emt 0:00:31]} 13. Rad1 {[%emt 0:04:01]} Qc7 {[%emt 0:02:02]} 14. Rfe1 $146 {[%emt 0:07:05]} ({Predecessor:} 14. Nf3 Rfd8 15. Nxe5 dxe5 16. Bg5 h6 17. Bxf6 Bxf6 {½-½ (101) Brugger,H (1915)-Amann,H (2000) Austria 1994}) 14... Rac8 {[%emt 0:02:59]} 15. Nf3 {[%emt 0:07:11]} b5 {[%emt 0:02:53]} 16. a3 {[%emt 0:05:57]} Rfd8 {[%emt 0:03:37]} 17. h3 {[%emt 0:08:33]} Bc6 {[%emt 0:01:35]} 18. Nd2 {[%emt 0:07:33]} Rb8 {[%emt 0:08:56]} 19. Be3 {[%emt 0:01:41]} Ba8 {[%emt 0:03:56]} 20. f4 {[%emt 0:01:04]} Nc4 {[%emt 0:00:31]} 21. Nxc4 {[%emt 0:01:11]} Qxc4 {[%emt 0:01:44]} 22. Qxc4 {[%emt 0:01:38]} bxc4 {[%emt 0:00:06]} 23. Bd4 {[%emt 0:03:40]} Nd7 {[%emt 0:03:59]} 24. Bf1 {[%emt 0:06:24]} e5 {[%emt 0:08:36]} 25. Nd5 {[%emt 0:03:12]} Bxd5 {[%emt 0:04:49]} 26. exd5 {[%emt 0:00:07]} Bf6 {[%emt 0:01:19]} 27. Bc3 {[%emt 0:00:51]} exf4 {[%emt 0:09:12]} 28. Bxf6 {[%emt 0:01:51]} Nxf6 {[%emt 0:00:04]} 29. Bxc4 {[%emt 0:00:46]} fxg3 {[%emt 0:02:29]} ({Better is} 29... Rxb2 $17 30. gxf4 Rxc2 31. Bxa6 Ra8) 30. Re3 {[%emt 0:01:16]} (30. b4 $15) 30... a5 {[%emt 0:00:42]} (30... Rxb2 $19 {is more deadly.} 31. Rc1 a5 32. Rxg3 a4) 31. Rde1 {[%emt 0:01:56]} Nd7 {[%emt 0:01:47]} (31... Rxb2 $19 {has better winning chances.} 32. Bb3 g6 33. Rxg3 Nd7) 32. Rxg3 {[%emt 0:02:07]} Ne5 {[%emt 0:01:48]} 33. Bb3 {[%emt 0:00:27]} Rdc8 {[%emt 0:02:16]} 34. Re4 {[%emt 0:01:09]} f5 {[%emt 0:02:27]} 35. Ra4 {[%emt 0:01:25]} Rc5 {[%emt 0:00:15]} 36. Rc3 {[%emt 0:01:57]} Rxc3 {[%emt 0:02:57]} 37. bxc3 {[%emt 0:00:07]} Rb5 {[%emt 0:00:18]} 38. Rf4 {[%emt 0:01:01] [#]} g6 $1 {[%emt 0:00:20]} 39. Kf1 {[%emt 0:02:58]} Rc5 $19 {[%emt 0:01:24]} 40. c4 {[%emt 0:01:31]} Kg7 {[%emt 0:01:11]} 41. Ke2 {[%emt 0:33:29]} Kf6 {[%emt 0:31:52]} 42. h4 {[%emt 0:02:36]} h6 {[%emt 0:01:53]} 43. Kf2 {[%emt 0:00:50]} g5 {[%emt 0:01:36]} 44. hxg5+ {[%emt 0:00:00]} hxg5 {[%emt 0:00:00]} 45. Rd4 {[%emt 0:00:00]} f4 {[%emt 0:00:00]} 46. c3 {[%emt 0:00:00]} Rc8 {[%emt 0:00:00]} 47. Rd1 {[%emt 0:00:00]} Rb8 {[%emt 0:00:00]} 48. Rh1 {[%emt 0:00:00]} Rxb3 {[%emt 0:00:00]} 49. Rh6+ {[%emt 0:00:00]} Kf5 {[%emt 0:00:00]} 50. Rxd6 {[%emt 0:00:00]} Rxc3 {[%emt 0:00:00]} 51. Ra6 {[%emt 0:00:00]} Rc2+ {[%emt 0:00:00]} 52. Ke1 {[%emt 0:00:00]} Nxc4 {[%emt 0:00:00]} 53. d6 {[%emt 0:00:00]} f3 {[%emt 0:00:00]} 54. Rxa5+ {[%emt 0:00:00]} Nxa5 {[%emt 0:00:00]} 55. d7 {[%emt 0:00:00]} Nc6 {[%emt 0:00:00]} 1-0

[Event "Stockholm Elo Challenge 2019"]
[Site "Stockholm"]
[Date "2019.05.30"]
[Round "2.3"]
[White "Pettersson, Alexander"]
[Black "Viklund, Dick"]
[Result "1-0"]
[WhiteElo "2045"]
[BlackElo "1826"]
[Annotator "NA"]
[PlyCount "71"]
[EventDate "2019.05.29"]
[EventType "swiss"]
[EventCountry "SWE"]
[SourceTitle "playchess.com"]
[Source "ChessBase"]
[SourceQuality "1"]
[TimeControl "40/5400+30:1800+30"]

1. d4 {[%emt 0:02:42]} Nf6 {[%emt 0:00:00]} 2. c4 {[%emt 0:00:12]} e6 {[%emt 0:00:00]} 3. Nf3 {[%emt 0:00:13]} d5 {[%emt 0:00:39]} 4. Nc3 {[%emt 0:00:16]} Be7 {[%emt 0:00:07]} 5. Bg5 {[%emt 0:00:16]} O-O {[%emt 0:00:24]} 6. e3 {[%emt 0:00:14]} b6 {[%emt 0:03:47]} 7. cxd5 {[%emt 0:04:14]} exd5 {[%emt 0:00:10]} 8. Qb3 {[%emt 0:04:51]} Bb7 {[%emt 0:06:45] D55: Queen's Gambit Declined: 4 Bg5 Be7: Lines without ...h6 and 6...h6 7 Bxf6} 9. Be2 {[%emt 0:01:59]} Nbd7 {[%emt 0:09:19]} 10. O-O {[%emt 0:04:50]} Re8 {[%emt 0:10:25]} 11. Rfd1 {[%emt 0:06:15]} c6 {[%emt 0:04:06]} 12. Rac1 {[%emt 0:13:48]} Ne4 {[%emt 0:18:22]} (12... Nh5 $11 {remains equal.} 13. Bxe7 Qxe7) 13. Bf4 $146 {[%emt 0:04:49]} ({Predecessor:} 13. Bxe7 Qxe7 14. Qa4 a5 15. a3 f5 16. Bf1 g5 {½-½ (65) Galic,K (2097)-Gorupec,M (2070) Sisak 2013}) 13... Bd6 {[%emt 0:07:39]} 14. Nxe4 {[%emt 0:03:22]} Bxf4 {[%emt 0:00:16]} 15. Ng3 {[%emt 0:00:44]} Bc7 {[%emt 0:02:48]} 16. Bd3 {[%emt 0:02:37]} Rc8 {[%emt 0:04:30]} 17. Qa3 {[%emt 0:06:29]} Bb8 {[%emt 0:02:28]} 18. b4 {[%emt 0:05:01]} g6 {[%emt 0:02:50]} 19. Ba6 {[%emt 0:03:06]} Bxa6 {[%emt 0:00:17]} 20. Qxa6 {[%emt 0:00:04]} Qe7 {[%emt 0:04:36]} 21. a3 {[%emt 0:02:53]} Red8 {[%emt 0:06:16]} 22. Rc2 {[%emt 0:02:27]} Rc7 {[%emt 0:02:34]} 23. Rdc1 {[%emt 0:02:44]} Rdc8 {[%emt 0:00:26]} 24. Qd3 {[%emt 0:05:21]} Nf6 {[%emt 0:01:28]} 25. Qb3 {[%emt 0:04:39]} Nd7 $11 {[%emt 0:04:41]} 26. Ne2 {[%emt 0:04:28]} Qd6 {[%emt 0:01:58]} 27. Nf4 {[%emt 0:00:56]} h6 {[%emt 0:01:23]} 28. h3 {[%emt 0:02:45]} g5 {[%emt 0:00:34]} 29. Nd3 {[%emt 0:01:12]} Kg7 {[%emt 0:03:24]} 30. Qc3 {[%emt 0:02:23]} f6 {[%emt 0:00:20]} 31. Qe1 {[%emt 0:01:26]} h5 {[%emt 0:00:47]} 32. e4 {[%emt 0:01:09]} dxe4 {[%emt 0:00:49]} 33. Qxe4 {[%emt 0:00:08]} Qd5 {[%emt 0:00:51]} 34. Qe3 {[%emt 0:02:41]} Kg6 {[%emt 0:00:33]} 35. h4 {[%emt 0:00:36]} g4 {[%emt 0:00:18]} 36. Nf4+ {[%emt 0:00:19]} 1-0

[Event "Stockholm Elo Challenge 2019"]
[Site "Stockholm"]
[Date "2019.05.30"]
[Round "2.4"]
[White "Lindberg, Sture"]
[Black "Sjostrand, Joel"]
[Result "0-1"]
[WhiteElo "1765"]
[BlackElo "1977"]
[Annotator "NA"]
[PlyCount "81"]
[EventDate "2019.05.29"]
[EventType "swiss"]
[EventCountry "SWE"]
[SourceTitle "playchess.com"]
[Source "ChessBase"]
[SourceQuality "1"]
[TimeControl "40/5400+30:1800+30"]

1. e4 {[%emt 0:00:00]} d6 {[%emt 0:02:18]} 2. d4 {[%emt 0:00:29]} Nf6 {[%emt 0:00:05]} 3. Nc3 {[%emt 0:00:45]} e5 {[%emt 0:00:36]} 4. dxe5 {[%emt 0:00:21]} dxe5 {[%emt 0:00:05]} 5. Qxd8+ {[%emt 0:00:10]} Kxd8 {[%emt 0:00:03]} 6. Bg5 {[%emt 0:00:56]} Be7 {[%emt 0:00:06]} 7. O-O-O+ {[%emt 0:00:16] B07: Pirc Defence: Miscellaneous Systems} Nfd7 {[%emt 0:00:08]} (7... Nbd7 8. Bh4 Ne8 9. Bg3 Bd6 10. Nd5 c6 11. Ne3 f6 12. Nf5 Bc7 13. Ne2 g6 14. Ne3 Ke7 15. Nc3 Nb6 16. Bd3 Be6 17. h4 Ng7 18. Bh2 Nh5 19. g3 Bd6 20. Rde1 {½-½ (20) Miladinovic,I (2571)-Damljanovic,B (2579) Herceg Novi 2008}) 8. Bxe7+ {[%emt 0:00:08]} Kxe7 {[%emt 0:00:05]} 9. Nd5+ {[%emt 0:00:27]} Kd8 {[%emt 0:00:08]} 10. c3 $146 {[%emt 0:03:28]} ({Predecessor:} 10. Nf3 c6 11. Ne3 Kc7 12. Ng5 Nc5 13. Nxf7 Rf8 14. Nxe5 Nxe4 {1-0 (48) Muehlpfordt,T (1842)-Pichl,M (2064) Bad Homburg 2018}) 10... f6 {[%emt 0:03:23]} 11. h4 {[%emt 0:06:48]} c6 {[%emt 0:01:43]} 12. Ne3 {[%emt 0:04:49]} Kc7 {[%emt 0:00:11]} 13. h5 {[%emt 0:04:51]} Nb6 {[%emt 0:02:29]} 14. Be2 {[%emt 0:08:10]} Be6 {[%emt 0:02:30]} 15. b3 {[%emt 0:08:31]} N8d7 16. Bg4 {[%emt 0:04:06]} Bxg4 {[%emt 0:04:03]} 17. Nxg4 {[%emt 0:00:52]} a5 {[%emt 0:00:03]} 18. Ne3 {[%emt 0:06:00]} Nc5 19. f3 {[%emt 0:01:14]} Rhd8 {[%emt 0:01:41]} 20. Nh3 {[%emt 0:03:31]} Rd7 {[%emt 0:13:04]} 21. Rxd7+ {[%emt 0:01:13]} Nbxd7 $11 {[%emt 0:01:50]} 22. Nf2 {[%emt 0:05:53]} b5 {[%emt 0:00:23]} 23. Rd1 {[%emt 0:01:08]} b4 {[%emt 0:00:40]} 24. cxb4 {[%emt 0:01:46]} axb4 {[%emt 0:00:09]} 25. Kb2 {[%emt 0:00:44]} Nf8 {[%emt 0:02:40]} 26. Nc2 {[%emt 0:03:03]} Rb8 {[%emt 0:00:25]} 27. Ne3 {[%emt 0:09:29]} Nfe6 {[%emt 0:00:33]} 28. Nd3 {[%emt 0:03:22]} Nxd3+ {[%emt 0:00:13]} 29. Rxd3 {[%emt 0:00:06]} Nf4 {[%emt 0:00:11]} 30. Rd1 {[%emt 0:00:54]} Rd8 {[%emt 0:04:07]} 31. Rxd8 {[%emt 0:05:55]} Kxd8 {[%emt 0:00:01]} 32. Kc2 {[%emt 0:00:32]} Nxh5 {[%emt 0:00:17]} 33. Kd3 {[%emt 0:00:18]} Nf4+ {[%emt 0:01:41]} 34. Kc4 {[%emt 0:01:46]} h5 {[%emt 0:00:26]} 35. Kxb4 {[%emt 0:06:40]} h4 {[%emt 0:00:08]} 36. Ng4 {[%emt 0:04:53]} Nxg2 {[%emt 0:00:14]} 37. Kc5 {[%emt 0:00:31]} Kc7 {[%emt 0:00:20]} 38. a4 {[%emt 0:00:23]} Ne1 {[%emt 0:00:40]} 39. Nh2 {[%emt 0:00:35]} g5 {[%emt 0:02:27]} 40. Kc4 {[%emt 0:02:04]} h3 {[%emt 0:01:12]} 41. Ng4 {[%emt 0:02:34]} 0-1